| 000 | 00856nam a2200265 i 4500 | ||
|---|---|---|---|
| 003 | DO-SdBNP | ||
| 005 | 20240521092756.0 | ||
| 006 | a||||gr|||| 00| 0 | ||
| 007 | ta | ||
| 008 | 221004e2014 rd ||||gr|||| 00| p spa d | ||
| 040 |
_aDO-SdBNP _bspa _cBNPHU _erda |
||
| 082 | 4 |
_222 _bB533f _a22 |
|
| 100 | 1 |
_9160 _aBerroa, Rei, _d1949- _eautor |
|
| 245 | 1 | 0 |
_aFortunario insólito para convivir con la lengua y unas cuantas cicatrices / _cRei Berroa |
| 264 |
_aMonte Rey Nuevo León, México : _bCaletita, _c2014 |
||
| 300 |
_a[40] páginas : _c14 cm. |
||
| 336 |
_2rdacontent _atexto _btxt |
||
| 337 |
_2rdamedia _asin mediación _bn |
||
| 338 |
_2rdacarrier _avolumen _bnc |
||
| 490 |
_aLas vaquitas flacas ; _v8 |
||
| 590 | _aInventariado 2024 / MF | ||
| 650 | 4 |
_aLiteratura _xRepública Dominicana _981604 |
|
| 650 | 4 | _aPoesía Dominicana | |
| 942 |
_2ddc _cLF2 |
||
| 999 |
_c52515 _d52515 |
||